The chamber

保存先:
書誌詳細
第一著者: Grisham, John (著者)
フォーマット: 図書
言語:英語
出版事項: Nueva York Islands Books 1994
版:1a. ed
主題:
タグ: タグ追加
タグなし, このレコードへの初めてのタグを付けませんか!

MARC

LEADER 00000cam a2200000 a 4500
001 UCF6175
003 CL-VaPUC
008 130418e19940000US |||||||||||||||||eng|d
020 |a 0440220602 
082 0 4 |a 813  |b GRI  |2 21 
100 |a Grisham, John  |e author  |9 600669 
245 1 4 |a The chamber 
250 |a 1a. ed 
300 |a 676 p 
942 |c BK 
945 |d 20130418 00:00:00  |a cmena 
260 |a Nueva York  |b Islands Books  |c 1994 
650 0 |a Novelas estadounidenses  |9 265217 
650 0 |a Literatura estadounidense  |9 317168 
650 0 |a Pena de muerte  |9 256612 
583 |a last modification  |c 20130418 10:21:00  |k Rodrigo Vera 
999 |c 351488  |d 351486 
952 |0 0  |1 0  |4 0  |6 813_000000000000000_GRI_1994  |7 0  |8 A  |9 455625  |a BIBEDU  |b BIBEDU  |d 2019-11-22  |i 4947398  |o 813 GRI 1994  |p 4947398  |r 2019-11-22  |w 2019-11-22  |y BK  |k LIT